[Event "Paulista-ch zt"]
[Site "Itapetininga"]
[Date "2012.10.12"]
[Round "1"]
[White "Salama, Andre Sasson"]
[Black "Martins, William Rodrigues"]
[Result "1-0"]
[WhiteElo "1978"]
[BlackElo "1844"]
[PlyCount "85"]
[EventDate "2012.10.12"]
[EventType "swiss"]
[EventRounds "6"]
[EventCountry "BRA"]
[SourceTitle "CBM 151 Extra"]
[Source "ChessBase"]
[SourceDate "2012.12.18"]
[SourceVersion "1"]
[SourceVersionDate "2012.12.18"]
[SourceQuality "1"]

1. e4 e6 2. d3 d5 3. Nd2 c5 4. Ngf3 Nc6 5. g3 g6 6. Bg2 Bg7 7. h4 Nge7 8. h5 h6 9. hxg6 Nxg6 10. Qe2 d4 11. Nh4 e5 12. Nf5 Qf6 13. Nxg7+ Qxg7 14. Nc4 Qf8 15. Qh5 b5 16. Na3 c4 17. Kf1 Qc5 18. Qe2 Ba6 19. dxc4 bxc4 20. c3 Rd8 21. Kg1 d3 22. Qe3 Qd6 23. Bd2 Kf8 24. Rxh6 Kg7 25. b4 Nd4 26. cxd4 exd4 27. Nxc4 dxe3 28. Nxd6 Rxd6 29. Rxh8 exd2 30. Rh5 Rd4 31. Rd1 Rxb4 32. Rxd2 Rc4 33. Ra5 Rc2 34. Rxc2 dxc2 35. Rc5 Bd3 36. f4 Nf8 37. Kf2 Nd7 38. Rc3 Nb6 39. Ke3 Na4 40. Rc7 Nb2 41. Kd2 Nc4+ 42. Kc1 a5 43. e5 1-0

[Event "Mogi das Cruzes op 06"]
[Site "Mogi das Cruzes"]
[Date "2012.06.24"]
[Round "5"]
[White "Rodrigues, Tiago Pereira"]
[Black "Martins, William Rodrigues"]
[Result "1-0"]
[WhiteElo "2153"]
[BlackElo "1844"]
[PlyCount "48"]
[EventDate "2012.06.22"]
[EventType "swiss"]
[EventRounds "6"]
[EventCountry "BRA"]
[SourceTitle "CBM 149 Extra"]
[Source "ChessBase"]
[SourceDate "2012.08.24"]
[SourceVersion "1"]
[SourceVersionDate "2012.08.24"]
[SourceQuality "1"]

1. e4 e6 2. d4 d5 3. Nd2 Nf6 4. e5 Nfd7 5. c3 c5 6. Bd3 Nc6 7. Ngf3 Qb6 8. 0-0 g6 9. dxc5 Nxc5 10. Bc2 Bg7 11. Re1 Qc7 12. Qe2 0-0 13. Nf1 b6 14. Bf4 Ba6 15. Qe3 Rad8 16. Rac1 Nd7 17. h4 h5 18. Ng3 Ne7 19. Bh6 Rfe8 20. Bxg7 Kxg7 21. Qg5 Nf5 22. Bxf5 exf5 23. Nxf5+ Kg8 24. e6 Nf8 1-0

[Event "Mogi das Cruzes op 06"]
[Site "Mogi das Cruzes"]
[Date "2012.06.23"]
[Round "4"]
[White "Hengles, Roberto Carlos"]
[Black "Martins, William Rodrigues"]
[Result "0-1"]
[WhiteElo "1917"]
[BlackElo "1844"]
[PlyCount "64"]
[EventDate "2012.06.22"]
[EventType "swiss"]
[EventRounds "6"]
[EventCountry "BRA"]
[SourceTitle "CBM 149 Extra"]
[Source "ChessBase"]
[SourceDate "2012.08.24"]
[SourceVersion "1"]
[SourceVersionDate "2012.08.24"]
[SourceQuality "1"]

1. e4 e6 2. d4 d5 3. Nd2 Nf6 4. e5 Nfd7 5. Bd3 c5 6. c3 Nc6 7. Ndf3 Qc7 8. Ne2 g6 9. 0-0 Bg7 10. Be3 b6 11. Qd2 0-0 12. Bh6 f6 13. Bxg7 Kxg7 14. Nf4 Nd8 15. exf6+ Rxf6 16. Ne2 e5 17. dxe5 Nxe5 18. Nxe5 Qxe5 19. Ng3 Ne6 20. Rae1 Qf4 21. Qd1 Ng5 22. Re7+ Rf7 23. Qe2 Bd7 24. Qe5+ Qxe5 25. Rxe5 Ne6 26. Rxd5 Nf4 27. Rd6 Nxd3 28. Rd1 c4 29. Ne4 h6 30. Rd4 Bc6 31. Nd6 Rxf2 32. Nxc4 Rxg2+ 0-1

[Event "Mogi das Cruzes op 06"]
[Site "Mogi das Cruzes"]
[Date "2012.06.22"]
[Round "2"]
[White "Martins, William Rodrigues"]
[Black "Rodrigues, Leonardo De Miranda"]
[Result "0-1"]
[WhiteElo "1844"]
[BlackElo "2031"]
[PlyCount "36"]
[EventDate "2012.06.22"]
[EventType "swiss"]
[EventRounds "6"]
[EventCountry "BRA"]
[SourceTitle "CBM 149 Extra"]
[Source "ChessBase"]
[SourceDate "2012.08.24"]
[SourceVersion "1"]
[SourceVersionDate "2012.08.24"]
[SourceQuality "1"]

1. e4 c5 2. Nf3 Nc6 3. d4 cxd4 4. Nxd4 g6 5. Nc3 Bg7 6. Be3 Nf6 7. f3 0-0 8. Qd2 d5 9. exd5 Nxd5 10. Nde2 Nxe3 11. Qxe3 b5 12. a3 b4 13. axb4 Nxb4 14. Qe4 Rb8 15. Ng3 Qc7 16. Ra4 Bxc3+ 17. bxc3 Qxc3+ 18. Kf2 Qc5+ 0-1